[Event "U12 Polish Youth Championship"]
[Site "chess24.com"]
[Date "2018.05.04"]
[Round "8"]
[White "Chyzy, Jakub"]
[Black "Trzebinski, Patryk"]
[Result "1/2-1/2"]
[Board "1"]
[WhiteElo "2071"]
[WhiteCountry "POL"]
[WhiteFideId "21806209"]
[WhiteEloChange "-8"]
[BlackElo "1628"]
[BlackCountry "POL"]
[BlackFideId "21839034"]
[BlackEloChange "8"]

1. e4 {[%clk 1:30:58]} c6 {[%clk 1:30:54]} 2. d4 {[%clk 1:31:24]} d5 {[%clk
1:31:19]} 3. e5 {[%clk 1:31:50]} Bf5 {[%clk 1:31:40]} 4. Nf3 {[%clk 1:32:16]} e6
{[%clk 1:31:48]} 5. a3 {[%clk 1:32:42]} Nd7 {[%clk 1:31:57]} 6. Be2 {[%clk
1:32:57]} f6 {[%clk 1:31:39]} 7. O-O {[%clk 1:29:10]} fxe5 {[%clk 1:31:44]} 8.
Nxe5 {[%clk 1:29:16]} Nxe5 {[%clk 1:30:33]} 9. dxe5 {[%clk 1:29:38]} Qc7 {[%clk
1:30:02]} 10. f4 {[%clk 1:28:57]} Bc5+ {[%clk 1:29:53]} 11. Kh1 {[%clk 1:28:51]}
Ne7 {[%clk 1:29:57]} 12. b4 {[%clk 1:22:16]} Bb6 {[%clk 1:29:44]} 13. Nd2 {[%clk
1:20:04]} O-O {[%clk 1:28:33]} 14. Nb3 {[%clk 1:18:02]} a5 {[%clk 1:17:53]} 15.
c3 {[%clk 0:57:36]} axb4 {[%clk 1:15:20]} 16. cxb4 {[%clk 0:57:07]} c5 {[%clk
0:51:26]} 17. bxc5 {[%clk 0:47:39]} Bxc5 {[%clk 0:51:43]} 18. Nxc5 {[%clk
0:45:21]} Qxc5 {[%clk 0:52:05]} 19. Bb2 {[%clk 0:45:31]} Nc6 {[%clk 0:48:42]} 20.
Qb3 {[%clk 0:32:00]} Na5 {[%clk 0:40:18]} 21. Qb5 {[%clk 0:21:49]} Qxb5 {[%clk
0:37:33]} 22. Bxb5 {[%clk 0:22:06]} Rac8 {[%clk 0:35:59]} 23. Rac1 {[%clk
0:16:25]} Nb3 {[%clk 0:35:34]} 24. Rc3 {[%clk 0:15:47]} Rxc3 {[%clk 0:33:10]} 25.
Bxc3 {[%clk 0:14:59]} Rc8 {[%clk 0:33:22]} 26. Bb4 {[%clk 0:14:15]} Nd4 {[%clk
0:31:45]} 27. Ba4 {[%clk 0:12:07]} b5 {[%clk 0:29:06]} 28. Bd1 {[%clk 0:12:21]}
Nc2 {[%clk 0:28:01]} 29. Bxc2 {[%clk 0:10:50]} Rxc2 {[%clk 0:28:13]} 30. Kg1
{[%clk 0:09:53]} Be4 {[%clk 0:28:14]} 31. Rf2 {[%clk 0:10:15]} Rc1+ {[%clk
0:28:40]} 32. Rf1 {[%clk 0:10:37]} Rc2 {[%clk 0:29:00]} 33. Rf2 {[%clk 0:11:04]}
1/2-1/2

[Event "U12 Polish Youth Championship"]
[Site "chess24.com"]
[Date "2018.05.04"]
[Round "8"]
[White "Klimkowski, Jan"]
[Black "Paprocki, Antoni"]
[Result "1-0"]
[Board "2"]
[WhiteElo "1836"]
[WhiteCountry "POL"]
[WhiteFideId "21856222"]
[WhiteEloChange "9"]
[BlackElo "1808"]
[BlackCountry "POL"]
[BlackFideId "21833745"]
[BlackEloChange "-9"]

1. e4 {[%clk 1:30:58]} c5 {[%clk 1:30:23]} 2. Nf3 {[%clk 1:31:22]} d6 {[%clk
1:30:47]} 3. d4 {[%clk 1:31:42]} cxd4 {[%clk 1:31:01]} 4. Nxd4 {[%clk 1:32:06]}
Nf6 {[%clk 1:31:20]} 5. Nc3 {[%clk 1:32:31]} a6 {[%clk 1:31:45]} 6. Be3 {[%clk
1:32:53]} e5 {[%clk 1:31:47]} 7. Nb3 {[%clk 1:33:19]} Be6 {[%clk 1:32:02]} 8. f3
{[%clk 1:33:32]} Be7 {[%clk 1:32:23]} 9. Qd2 {[%clk 1:33:57]} O-O {[%clk
1:32:38]} 10. O-O-O {[%clk 1:34:15]} a5 {[%clk 1:32:45]} 11. a4 {[%clk 1:31:19]}
Nc6 {[%clk 1:32:14]} 12. g4 {[%clk 1:29:16]} Nb4 {[%clk 1:30:23]} 13. Qf2 {[%clk
1:27:33]} Qc8 {[%clk 1:25:45]} 14. g5 {[%clk 1:26:21]} Nd7 {[%clk 1:25:40]} 15.
Kb1 {[%clk 1:25:40]} f5 {[%clk 1:19:52]} 16. Bh3 {[%clk 1:21:52]} Qc6 {[%clk
1:06:52]} 17. g6 {[%clk 1:14:57]} h6 {[%clk 0:58:16]} 18. Qd2 {[%clk 1:12:19]}
Nb6 {[%clk 0:48:31]} 19. Bxb6 {[%clk 1:07:30]} Qxb6 {[%clk 0:48:11]} 20. exf5
{[%clk 1:07:49]} Bc4 {[%clk 0:29:56]} 21. f6 {[%clk 0:59:36]} Rxf6 {[%clk
0:28:42]} 22. Ne4 {[%clk 0:59:19]} Rxf3 {[%clk 0:27:41]} 23. Bg2 {[%clk 0:59:38]}
Bxb3 {[%clk 0:23:30]} 24. cxb3 {[%clk 0:59:05]} Rxb3 {[%clk 0:20:44]} 25. Nxd6
{[%clk 0:56:59]} Rd3 {[%clk 0:18:04]} 26. Nc4 {[%clk 0:54:34]} Qe6 {[%clk
0:15:57]} 27. Qc1 {[%clk 0:54:10]} Rc8 {[%clk 0:15:37]} 28. Rxd3 {[%clk 0:53:51]}
Nxd3 {[%clk 0:14:30]} 29. Qc3 {[%clk 0:54:08]} Qxg6 {[%clk 0:13:34]} 30. Bd5+
{[%clk 0:53:59]} Kh8 {[%clk 0:13:52]} 31. Ka1 {[%clk 0:53:58]} Nb4 {[%clk
0:13:42]} 32. Nxe5 {[%clk 0:53:32]} Qf5 {[%clk 0:12:38]} 33. Ng6+ {[%clk
0:52:14]} Kh7 {[%clk 0:09:25]} 34. Nxe7 {[%clk 0:51:29]} Rxc3 {[%clk 0:08:54]}
35. Nxf5 {[%clk 0:51:27]} Rc5 {[%clk 0:06:19]} 36. Be4 {[%clk 0:51:33]} Kg8
{[%clk 0:04:37]} 37. Rd1 {[%clk 0:51:05]} Re5 {[%clk 0:04:27]} 38. Ng3 {[%clk
0:51:27]} b6 {[%clk 0:04:00]} 39. Bg6 {[%clk 0:50:23]} Kf8 {[%clk 0:03:39]} 40.
Nf5 {[%clk 0:50:06]} Rd5 {[%clk 0:03:43]} 41. Rxd5 {[%clk 0:49:33]} Nxd5 {[%clk
0:04:06]} 42. h4 {[%clk 0:48:01]} Nf4 {[%clk 0:04:15]} 43. h5 {[%clk 0:48:16]}
Ne6 {[%clk 0:04:39]} 44. Ka2 {[%clk 0:48:27]} Nc5 {[%clk 0:04:52]} 45. Ka3 {[%clk
0:48:41]} Na6 {[%clk 0:05:06]} 46. b3 {[%clk 0:48:45]} Nb4 {[%clk 0:05:24]} 47.
Kb2 {[%clk 0:49:07]} Nd3+ {[%clk 0:04:53]} 48. Kc3 {[%clk 0:49:30]} Nb4 {[%clk
0:05:21]} 49. Kc4 {[%clk 0:49:41]} Nc6 {[%clk 0:05:28]} 50. Kb5 {[%clk 0:49:59]}
Nd4+ {[%clk 0:05:55]} 51. Nxd4 {[%clk 0:50:21]} 1-0

[Event "U12 Polish Youth Championship"]
[Site "chess24.com"]
[Date "2018.05.04"]
[Round "8"]
[White "Matela, Krzysztof"]
[Black "Meers, Hubert"]
[Result "0-1"]
[Board "3"]
[WhiteElo "1642"]
[WhiteCountry "POL"]
[WhiteFideId "21828962"]
[WhiteEloChange "-7"]
[BlackElo "1737"]
[BlackCountry "POL"]
[BlackFideId "21817014"]
[BlackEloChange "7"]

1. d4 {[%clk 1:30:55]} Nf6 {[%clk 1:30:54]} 2. g3 {[%clk 1:31:13]} g6 {[%clk
1:31:18]} 3. Bg2 {[%clk 1:29:53]} Bg7 {[%clk 1:31:19]} 4. e4 {[%clk 1:27:46]} d6
{[%clk 1:31:35]} 5. Nc3 {[%clk 1:15:31]} O-O {[%clk 1:27:37]} 6. f4 {[%clk
0:57:57]} e5 {[%clk 1:16:06]} 7. Nge2 {[%clk 0:53:43]} Nbd7 {[%clk 1:08:27]} 8.
O-O {[%clk 0:50:42]} exd4 {[%clk 1:06:07]} 9. Nxd4 {[%clk 0:50:06]} Re8 {[%clk
1:06:10]} 10. Re1 {[%clk 0:49:55]} a5 {[%clk 1:03:28]} 11. a3 {[%clk 0:39:16]}
Nc5 {[%clk 1:01:36]} 12. Rb1 {[%clk 0:38:48]} Bg4 {[%clk 0:58:13]} 13. Qd2 {[%clk
0:37:36]} Qd7 {[%clk 0:49:34]} 14. b4 {[%clk 0:35:12]} axb4 {[%clk 0:46:52]} 15.
axb4 {[%clk 0:35:36]} Na4 {[%clk 0:46:21]} 16. Nxa4 {[%clk 0:35:05]} Rxa4 {[%clk
0:45:13]} 17. Nb3 {[%clk 0:26:33]} Qb5 {[%clk 0:37:31]} 18. c3 {[%clk 0:22:37]}
Be6 {[%clk 0:34:39]} 19. Nd4 {[%clk 0:21:45]} Qb6 {[%clk 0:34:42]} 20. Kh1 {[%clk
0:21:16]} Bc4 {[%clk 0:28:06]} 21. Qc2 {[%clk 0:19:39]} Ra2 {[%clk 0:25:06]} 22.
Rb2 {[%clk 0:19:29]} Rea8 {[%clk 0:25:30]} 23. h3 {[%clk 0:16:07]} Nh5 {[%clk
0:20:47]} 24. Kh2 {[%clk 0:12:54]} Rxb2 {[%clk 0:15:47]} 25. Bxb2 {[%clk
0:13:03]} Ra2 {[%clk 0:14:50]} 26. Ra1 {[%clk 0:11:32]} Rxa1 {[%clk 0:14:40]} 27.
Bxa1 {[%clk 0:11:57]} Bxd4 {[%clk 0:15:06]} 28. cxd4 {[%clk 0:12:21]} Qxb4 {[%clk
0:15:33]} 29. Qc3 {[%clk 0:09:14]} Qxc3 {[%clk 0:14:51]} 30. Bxc3 {[%clk
0:09:39]} Ng7 {[%clk 0:12:25]} 31. d5 {[%clk 0:08:19]} c5 {[%clk 0:11:54]} 32. e5
{[%clk 0:07:07]} Kf8 {[%clk 0:09:11]} 33. exd6 {[%clk 0:06:02]} Nf5 {[%clk
0:09:17]} 34. Ba5 {[%clk 0:05:32]} Nxd6 {[%clk 0:09:00]} 35. Bb6 {[%clk 0:05:49]}
Ke7 {[%clk 0:09:15]} 36. g4 {[%clk 0:05:24]} Bd3 {[%clk 0:09:17]} 37. Bxc5 {[%clk
0:05:40]} Kd7 {[%clk 0:09:32]} 38. Kg3 {[%clk 0:05:03]} Be4 {[%clk 0:09:23]} 39.
Bxd6 {[%clk 0:04:07]} Bxg2 {[%clk 0:09:49]} 40. Be5 {[%clk 0:04:23]} Bxd5 {[%clk
0:10:07]} 41. f5 {[%clk 0:04:32]} Ke7 {[%clk 0:09:22]} 42. fxg6 {[%clk 0:03:42]}
hxg6 {[%clk 0:08:43]} 43. h4 {[%clk 0:02:44]} f6 {[%clk 0:08:25]} 44. Bd4 {[%clk
0:03:09]} b5 {[%clk 0:07:19]} 45. h5 {[%clk 0:02:49]} gxh5 {[%clk 0:07:41]} 46.
gxh5 {[%clk 0:03:15]} Be4 {[%clk 0:08:06]} 47. Kf4 {[%clk 0:03:34]} Bh7 {[%clk
0:08:30]} 48. Ke3 {[%clk 0:02:54]} Ke6 {[%clk 0:08:42]} 49. Kf4 {[%clk 0:03:07]}
b4 {[%clk 0:08:48]} 50. Bb2 {[%clk 0:03:29]} b3 {[%clk 0:09:04]} 51. Bc3 {[%clk
0:03:36]} Bg8 {[%clk 0:06:24]} 52. Ke4 {[%clk 0:03:44]} Bf7 {[%clk 0:06:39]} 53.
h6 {[%clk 0:03:30]} Bg6+ {[%clk 0:07:06]} 54. Kf4 {[%clk 0:03:56]} Bh7 {[%clk
0:07:12]} 55. Bb2 {[%clk 0:04:14]} Kf7 {[%clk 0:07:32]} 56. Bc3 {[%clk 0:04:27]}
Kg6 {[%clk 0:07:26]} 57. Bb2 {[%clk 0:04:43]} f5 {[%clk 0:07:34]} 58. Ke5 {[%clk
0:02:07]} Kxh6 {[%clk 0:07:48]} 59. Kf4 {[%clk 0:02:18]} Kg6 {[%clk 0:08:01]} 60.
Bc3 {[%clk 0:02:41]} Bg8 {[%clk 0:08:13]} 61. Bb2 {[%clk 0:02:58]} Bd5 {[%clk
0:08:16]} 62. Be5 {[%clk 0:03:08]} Be4 {[%clk 0:08:36]} 63. Bb2 {[%clk 0:03:29]}
Kf7 {[%clk 0:08:44]} 64. Ke5 {[%clk 0:03:53]} Bc2 {[%clk 0:08:48]} 65. Bc3 {[%clk
0:04:03]} Ke7 {[%clk 0:09:08]} 66. Bb2 {[%clk 0:03:18]} Kd7 {[%clk 0:09:24]} 67.
Kd4 {[%clk 0:03:06]} f4 {[%clk 0:09:26]} 68. Kc3 {[%clk 0:03:21]} f3 {[%clk
0:09:36]} 69. Kd2 {[%clk 0:03:47]} Ke6 {[%clk 0:09:38]} 70. Bd4 {[%clk 0:03:54]}
Kd5 {[%clk 0:09:53]} 71. Bf2 {[%clk 0:04:21]} Be4 {[%clk 0:09:32]} 72. Kc3 {[%clk
0:04:44]} Bc2 {[%clk 0:09:34]} 73. Kd2 {[%clk 0:05:11]} Kc4 {[%clk 0:09:58]} 74.
Kc1 {[%clk 0:05:19]} Kd3 {[%clk 0:10:22]} 75. Bb6 {[%clk 0:05:36]} Ke2 {[%clk
0:10:43]} 76. Kb2 {[%clk 0:05:57]} f2 {[%clk 0:11:03]} 77. Bxf2 {[%clk 0:06:26]}
Kxf2 {[%clk 0:11:25]} 78. Ka1 {[%clk 0:06:53]} Ke3 {[%clk 0:11:40]} 79. Kb2
{[%clk 0:07:20]} Kd4 {[%clk 0:12:00]} 80. Kc1 {[%clk 0:07:45]} Bf5 {[%clk
0:12:07]} 81. Kb2 {[%clk 0:08:13]} Kc4 {[%clk 0:12:29]} 82. Ka1 {[%clk 0:08:37]}
Bh3 {[%clk 0:12:34]} 83. Kb2 {[%clk 0:09:04]} Kb4 {[%clk 0:13:01]} 84. Kb1 {[%clk
0:09:26]} Ka3 {[%clk 0:13:26]} 0-1

[Event "U12 Polish Youth Championship"]
[Site "chess24.com"]
[Date "2018.05.04"]
[Round "8"]
[White "Karwacki, Piotr"]
[Black "Wieczorek, Mikolaj"]
[Result "1-0"]
[Board "4"]
[WhiteElo "1720"]
[WhiteCountry "POL"]
[WhiteFideId "21852200"]
[WhiteEloChange "11"]
[BlackElo "1761"]
[BlackCountry "POL"]
[BlackFideId "21827702"]
[BlackEloChange "-11"]

1. e4 {[%clk 1:30:58]} c5 {[%clk 1:30:49]} 2. Nf3 {[%clk 1:31:13]} Nc6 {[%clk
1:31:12]} 3. Nc3 {[%clk 1:31:31]} Nf6 {[%clk 1:31:32]} 4. Bb5 {[%clk 1:31:47]} g6
{[%clk 1:21:14]} 5. e5 {[%clk 1:31:58]} Ng4 {[%clk 1:18:13]} 6. Bxc6 {[%clk
1:32:11]} dxc6 {[%clk 1:18:17]} 7. d3 {[%clk 1:31:46]} Bg7 {[%clk 1:11:02]} 8.
Bf4 {[%clk 1:31:42]} Qb6 {[%clk 1:07:11]} 9. O-O {[%clk 1:27:16]} Nh6 {[%clk
1:06:55]} 10. b3 {[%clk 1:10:57]} Nf5 {[%clk 1:02:19]} 11. Na4 {[%clk 1:09:36]}
Qd8 {[%clk 1:01:53]} 12. Nxc5 {[%clk 1:08:42]} Nd4 {[%clk 1:01:23]} 13. c3 {[%clk
1:08:03]} Nxf3+ {[%clk 0:59:49]} 14. Qxf3 {[%clk 1:07:13]} O-O {[%clk 0:59:41]}
15. d4 {[%clk 1:03:40]} Qd5 {[%clk 0:56:44]} 16. Qe3 {[%clk 0:57:03]} b6 {[%clk
0:55:16]} 17. Ne4 {[%clk 0:55:27]} Bb7 {[%clk 0:49:40]} 18. Rfe1 {[%clk 0:51:07]}
Rad8 {[%clk 0:43:09]} 19. Rad1 {[%clk 0:42:58]} c5 {[%clk 0:42:29]} 20. Qh3
{[%clk 0:35:53]} Bc8 {[%clk 0:39:29]} 21. Qf3 {[%clk 0:35:38]} cxd4 {[%clk
0:37:44]} 22. Rxd4 {[%clk 0:35:08]} Qa8 {[%clk 0:37:59]} 23. Nf6+ {[%clk
0:35:13]} exf6 {[%clk 0:37:51]} 24. Qxa8 {[%clk 0:35:31]} fxe5 {[%clk 0:38:16]}
25. Rxd8 {[%clk 0:35:11]} Rxd8 {[%clk 0:38:41]} 26. Bg5 {[%clk 0:34:59]} f6
{[%clk 0:39:07]} 27. Be3 {[%clk 0:35:18]} f5 {[%clk 0:39:26]} 28. Bg5 {[%clk
0:35:32]} Re8 {[%clk 0:39:51]} 29. Rd1 {[%clk 0:31:27]} 1-0

[Event "U12 Polish Youth Championship"]
[Site "chess24.com"]
[Date "2018.05.04"]
[Round "8"]
[White "Fiszer, Bartosz"]
[Black "Backiel, Hubert"]
[Result "1-0"]
[Board "5"]
[WhiteElo "2004"]
[WhiteTitle "CM"]
[WhiteCountry "POL"]
[WhiteFideId "21810133"]
[WhiteEloChange "2"]
[BlackElo "1653"]
[BlackCountry "POL"]
[BlackFideId "21838631"]
[BlackEloChange "-2"]

1. e4 {[%clk 1:30:57]} c5 {[%clk 1:30:49]} 2. Nf3 {[%clk 1:31:17]} e6 {[%clk
1:31:09]} 3. d4 {[%clk 1:31:39]} cxd4 {[%clk 1:31:30]} 4. Nxd4 {[%clk 1:32:04]}
a6 {[%clk 1:31:49]} 5. c4 {[%clk 1:32:25]} Nf6 {[%clk 1:32:00]} 6. Nc3 {[%clk
1:32:48]} Bb4 {[%clk 1:32:25]} 7. Qd3 {[%clk 1:33:07]} Qc7 {[%clk 1:32:33]} 8. a3
{[%clk 1:33:15]} Be7 {[%clk 1:32:40]} 9. Be2 {[%clk 1:30:53]} Nc6 {[%clk
1:32:39]} 10. O-O {[%clk 1:29:15]} O-O {[%clk 1:32:34]} 11. Be3 {[%clk 1:25:51]}
Rd8 {[%clk 1:12:32]} 12. f4 {[%clk 1:22:14]} d6 {[%clk 1:11:37]} 13. Rac1 {[%clk
1:15:19]} Bd7 {[%clk 1:01:33]} 14. b4 {[%clk 0:58:01]} Nxd4 {[%clk 0:38:52]} 15.
Bxd4 {[%clk 0:57:37]} b6 {[%clk 0:19:03]} 16. Qe3 {[%clk 0:44:18]} Rab8 {[%clk
0:19:02]} 17. e5 {[%clk 0:43:50]} Ne8 {[%clk 0:18:44]} 18. Ne4 {[%clk 0:37:07]}
Qb7 {[%clk 0:15:24]} 19. exd6 {[%clk 0:25:32]} Bxd6 {[%clk 0:14:10]} 20. Bxg7
{[%clk 0:20:47]} Nxg7 {[%clk 0:12:36]} 21. Nxd6 {[%clk 0:21:09]} Qc6 {[%clk
0:08:19]} 22. c5 {[%clk 0:19:57]} Be8 {[%clk 0:04:14]} 23. Qe5 {[%clk 0:16:15]}
bxc5 {[%clk 0:02:48]} 24. bxc5 {[%clk 0:16:32]} Rb3 {[%clk 0:02:53]} 25. f5
{[%clk 0:11:07]} exf5 {[%clk 0:02:06]} 26. Bc4 {[%clk 0:09:44]} Rxa3 {[%clk
0:01:45]} 27. Rxf5 {[%clk 0:04:17]} Nxf5 {[%clk 0:01:08]} 28. Nxf5 {[%clk
0:04:30]} 1-0

[Event "U12 Polish Youth Championship"]
[Site "chess24.com"]
[Date "2018.05.04"]
[Round "8"]
[White "Wnek, Filip"]
[Black "Jeda, Maciej"]
[Result "0-1"]
[Board "6"]
[WhiteElo "1760"]
[WhiteCountry "POL"]
[WhiteFideId "21833281"]
[WhiteEloChange "-10"]
[BlackElo "1751"]
[BlackCountry "POL"]
[BlackFideId "21857679"]
[BlackEloChange "10"]

1. e4 {[%clk 1:29:52]} e6 {[%clk 1:30:57]} 2. d4 {[%clk 1:28:55]} d5 {[%clk
1:31:21]} 3. e5 {[%clk 1:26:40]} c5 {[%clk 1:31:44]} 4. dxc5 {[%clk 1:25:49]}
Bxc5 {[%clk 1:31:58]} 5. Qg4 {[%clk 1:24:39]} Kf8 {[%clk 1:25:17]} 6. Nf3 {[%clk
1:21:24]} Ne7 {[%clk 1:23:56]} 7. Bd3 {[%clk 1:21:00]} Nbc6 {[%clk 1:22:18]} 8.
O-O {[%clk 1:16:10]} Ng6 {[%clk 1:18:17]} 9. Qg3 {[%clk 1:14:31]} Qc7 {[%clk
1:02:27]} 10. Re1 {[%clk 1:09:54]} Bd7 {[%clk 0:55:04]} 11. c3 {[%clk 1:09:16]}
a6 {[%clk 0:53:04]} 12. b4 {[%clk 1:04:04]} Ba7 {[%clk 0:51:44]} 13. b5 {[%clk
0:52:35]} Nce7 {[%clk 0:46:18]} 14. bxa6 {[%clk 0:50:39]} bxa6 {[%clk 0:46:27]}
15. h4 {[%clk 0:46:28]} Bb5 {[%clk 0:39:35]} 16. Bxb5 {[%clk 0:39:10]} axb5
{[%clk 0:39:49]} 17. h5 {[%clk 0:38:17]} Nf5 {[%clk 0:39:54]} 18. Qh3 {[%clk
0:36:43]} Nge7 {[%clk 0:38:07]} 19. g4 {[%clk 0:37:00]} Nh6 {[%clk 0:37:26]} 20.
Ng5 {[%clk 0:37:02]} Qc4 {[%clk 0:37:06]} 21. Na3 {[%clk 0:28:39]} Qxg4+ {[%clk
0:36:51]} 22. Qxg4 {[%clk 0:29:02]} Nxg4 {[%clk 0:37:14]} 23. Nh3 {[%clk
0:29:20]} b4 {[%clk 0:35:32]} 24. cxb4 {[%clk 0:27:00]} Nc6 {[%clk 0:34:09]} 25.
Rb1 {[%clk 0:24:22]} Ke7 {[%clk 0:20:57]} 26. Rb3 {[%clk 0:17:33]} Ncxe5 {[%clk
0:12:47]} 27. Kg2 {[%clk 0:13:39]} Nd7 {[%clk 0:10:59]} 28. Rg3 {[%clk 0:12:30]}
Ngf6 {[%clk 0:06:16]} 29. Nf4 {[%clk 0:06:42]} Bb8 {[%clk 0:06:18]} 30. Rg5
{[%clk 0:04:58]} Bxf4 {[%clk 0:05:56]} 31. Bxf4 {[%clk 0:05:10]} Rxa3 {[%clk
0:06:09]} 32. Rb1 {[%clk 0:02:00]} h6 {[%clk 0:05:11]} 33. Rxg7 {[%clk 0:01:55]}
Nxh5 {[%clk 0:05:26]} 34. Rg4 {[%clk 0:02:08]} Nxf4+ {[%clk 0:05:27]} 35. Rxf4
{[%clk 0:02:28]} Rg8+ {[%clk 0:05:39]} 36. Kf1 {[%clk 0:02:51]} Rxa2 {[%clk
0:06:01]} 37. b5 {[%clk 0:03:10]} Rb8 {[%clk 0:06:15]} 38. Rfb4 {[%clk 0:03:12]}
Ne5 {[%clk 0:06:32]} 39. f4 {[%clk 0:01:19]} Nd3 {[%clk 0:06:49]} 40. Rd4 {[%clk
0:01:34]} Rf2+ {[%clk 0:07:02]} 41. Kg1 {[%clk 0:01:24]} Rg8+ {[%clk 0:07:29]}
42. Kh1 {[%clk 0:01:39]} Rf3 {[%clk 0:07:44]} 43. Rxd3 {[%clk 0:00:35]} Rxd3
{[%clk 0:08:09]} 0-1

[Event "U12 Polish Youth Championship"]
[Site "chess24.com"]
[Date "2018.05.04"]
[Round "8"]
[White "Paszkowski, Krystian"]
[Black "Dziewonski, Dariusz"]
[Result "0-1"]
[Board "7"]
[WhiteElo "1563"]
[WhiteCountry "POL"]
[WhiteFideId "21853002"]
[WhiteEloChange "-4"]
[BlackElo "1805"]
[BlackCountry "POL"]
[BlackFideId "21835829"]
[BlackEloChange "4"]

1. c4 {[%clk 1:30:58]} e6 {[%clk 1:30:50]} 2. g3 {[%clk 1:30:00]} d5 {[%clk
1:30:57]} 3. cxd5 {[%clk 1:30:01]} exd5 {[%clk 1:31:11]} 4. Bg2 {[%clk 1:29:57]}
Nf6 {[%clk 1:30:59]} 5. Nf3 {[%clk 1:29:46]} Be7 {[%clk 1:30:06]} 6. O-O {[%clk
1:29:57]} O-O {[%clk 1:30:22]} 7. d4 {[%clk 1:24:00]} c6 {[%clk 1:26:08]} 8. Bg5
{[%clk 1:10:33]} Bf5 {[%clk 1:23:53]} 9. Qb3 {[%clk 1:06:45]} Qb6 {[%clk
1:20:16]} 10. Nbd2 {[%clk 1:02:46]} h6 {[%clk 1:17:29]} 11. Bf4 {[%clk 0:49:56]}
Nbd7 {[%clk 1:15:51]} 12. h3 {[%clk 0:45:23]} Ne4 {[%clk 1:11:15]} 13. Qxb6
{[%clk 0:41:24]} axb6 {[%clk 1:09:18]} 14. Nxe4 {[%clk 0:39:37]} Bxe4 {[%clk
1:08:00]} 15. Ne1 {[%clk 0:35:56]} Bf5 {[%clk 1:05:47]} 16. g4 {[%clk 0:34:13]}
Bh7 {[%clk 1:05:16]} 17. e3 {[%clk 0:33:45]} Ra6 {[%clk 1:03:08]} 18. Bf3 {[%clk
0:32:53]} Rfa8 {[%clk 1:00:14]} 19. a3 {[%clk 0:32:17]} b5 {[%clk 0:57:46]} 20.
Be2 {[%clk 0:30:31]} R6a7 {[%clk 0:56:43]} 21. Nd3 {[%clk 0:21:54]} b4 {[%clk
0:51:57]} 22. Rab1 {[%clk 0:19:15]} bxa3 {[%clk 0:49:59]} 23. bxa3 {[%clk
0:18:45]} Bxa3 {[%clk 0:49:09]} 24. Rb3 {[%clk 0:18:26]} b5 {[%clk 0:46:08]} 25.
Rc3 {[%clk 0:17:17]} Ra6 {[%clk 0:41:17]} 26. Ne5 {[%clk 0:14:00]} Nxe5 {[%clk
0:40:36]} 27. Bxe5 {[%clk 0:14:18]} b4 {[%clk 0:31:33]} 28. Rb3 {[%clk 0:03:59]}
Rb6 {[%clk 0:29:44]} 29. Bd1 {[%clk 0:03:56]} Bc1 {[%clk 0:25:32]} 30. Bd6 {[%clk
0:03:23]} Bd2 {[%clk 0:24:07]} 31. Bc5 {[%clk 0:03:34]} Rb7 {[%clk 0:23:30]} 32.
f3 {[%clk 0:02:29]} Bc3 {[%clk 0:21:47]} 33. Kf2 {[%clk 0:01:32]} Bd3 {[%clk
0:20:08]} 34. Rg1 {[%clk 0:01:11]} Ra2+ {[%clk 0:18:38]} 35. Kg3 {[%clk 0:01:40]}
Bc4 {[%clk 0:17:13]} 36. Rb1 {[%clk 0:01:27]} b3 {[%clk 0:15:08]} 37. Bxb3 {[%clk
0:01:11]} Rxb3 {[%clk 0:15:11]} 38. Kf4 {[%clk 0:00:39]} f6 {[%clk 0:14:44]} 39.
Rxb3 {[%clk 0:00:54]} Bxb3 {[%clk 0:15:04]} 40. Rb1 {[%clk 0:01:15]} g5+ {[%clk
0:15:06]} 41. Kg3 {[%clk 0:01:12]} Rb2 {[%clk 0:14:25]} 42. Ra1 {[%clk 0:01:38]}
Rg2+ {[%clk 0:14:36]} 43. Kxg2 {[%clk 0:01:52]} Bxa1 {[%clk 0:14:55]} 44. e4
{[%clk 0:01:33]} Kf7 {[%clk 0:14:45]} 45. exd5 {[%clk 0:01:57]} Bxd5 {[%clk
0:15:00]} 46. Kg3 {[%clk 0:02:16]} Bc3 {[%clk 0:14:42]} 0-1

[Event "U12 Polish Youth Championship"]
[Site "chess24.com"]
[Date "2018.05.04"]
[Round "8"]
[White "Nowak, Filip"]
[Black "Wojdak, Jan"]
[Result "1-0"]
[Board "8"]
[WhiteElo "1475"]
[WhiteCountry "POL"]
[WhiteFideId "21817030"]
[WhiteEloChange "17"]
[BlackElo "1795"]
[BlackCountry "POL"]
[BlackFideId "21817111"]
[BlackEloChange "-17"]

1. e4 {[%clk 1:30:32]} c5 {[%clk 1:30:55]} 2. Nf3 {[%clk 1:30:42]} Nc6 {[%clk
1:31:19]} 3. d4 {[%clk 1:30:52]} cxd4 {[%clk 1:31:35]} 4. Nxd4 {[%clk 1:31:21]}
Nf6 {[%clk 1:31:57]} 5. Nc3 {[%clk 1:30:56]} d6 {[%clk 1:32:24]} 6. Bg5 {[%clk
1:31:03]} e6 {[%clk 1:32:51]} 7. Qd2 {[%clk 1:31:16]} a6 {[%clk 1:32:06]} 8.
O-O-O {[%clk 1:31:31]} Bd7 {[%clk 1:32:25]} 9. f4 {[%clk 1:31:49]} b5 {[%clk
1:32:48]} 10. Nxc6 {[%clk 1:32:02]} Bxc6 {[%clk 1:33:01]} 11. Bd3 {[%clk
1:32:25]} b4 {[%clk 1:23:32]} 12. Ne2 {[%clk 1:31:29]} Qb6 {[%clk 1:23:15]} 13.
Ng3 {[%clk 1:27:09]} h5 {[%clk 1:17:37]} 14. e5 {[%clk 1:15:02]} dxe5 {[%clk
1:10:58]} 15. fxe5 {[%clk 1:15:22]} Nd5 {[%clk 1:10:34]} 16. Ne4 {[%clk 1:12:11]}
Qc7 {[%clk 1:06:18]} 17. Rde1 {[%clk 1:09:40]} a5 {[%clk 1:05:16]} 18. Rhf1
{[%clk 1:05:38]} a4 {[%clk 1:02:58]} 19. Qf2 {[%clk 0:58:49]} b3 {[%clk 0:59:30]}
20. a3 {[%clk 0:57:23]} Qa7 {[%clk 0:39:02]} 21. Qg3 {[%clk 0:49:30]} Rc8 {[%clk
0:32:10]} 22. Nd6+ {[%clk 0:47:54]} Bxd6 {[%clk 0:32:18]} 23. exd6 {[%clk
0:48:04]} Qd7 {[%clk 0:21:44]} 24. c4 {[%clk 0:37:35]} Bb5 {[%clk 0:17:16]} 25.
Re4 {[%clk 0:33:32]} Nb6 {[%clk 0:16:45]} 26. Qf4 {[%clk 0:31:01]} Bc6 {[%clk
0:13:49]} 27. Be7 {[%clk 0:31:05]} Rf8 {[%clk 0:13:08]} 28. Re5 {[%clk 0:30:06]}
Bd5 {[%clk 0:13:15]} 29. Kb1 {[%clk 0:27:18]} Bxc4 {[%clk 0:13:04]} 30. Bg6
{[%clk 0:24:32]} Bxf1 {[%clk 0:12:41]} 31. Rxh5 {[%clk 0:24:53]} Bd3+ {[%clk
0:11:49]} 32. Bxd3 {[%clk 0:25:02]} Qb7 {[%clk 0:06:06]} 33. Bb5+ {[%clk
0:23:29]} Nd7 {[%clk 0:06:17]} 34. Bxf8 {[%clk 0:22:02]} Qxg2 {[%clk 0:06:25]}
35. Bxd7+ {[%clk 0:21:23]} Kxd7 {[%clk 0:06:29]} 36. Qxa4+ {[%clk 0:21:41]} Rc6
{[%clk 0:06:22]} 37. Qa7+ {[%clk 0:21:48]} Kc8 {[%clk 0:06:47]} 38. Qa8+ {[%clk
0:22:05]} Kd7 {[%clk 0:07:12]} 39. Qb7+ {[%clk 0:22:23]} Kd8 {[%clk 0:06:36]} 40.
Be7+ {[%clk 0:22:23]} Ke8 {[%clk 0:07:04]} 41. Rh8# {[%clk 0:22:46]} 1-0